000
00333nam a22001217a 4500
999
_c
1991
_d
1991
005
20200908103237.0
008
200908b ||||| |||| 00| 0 eng d
020
_a
9781471839337
040
_c
CML
245
_a
Physics.
_c
Morris, P.
260
_a
UK
_b
Hodder Education
_c
2015
942
_2
ddc
_c
BK
_e
1st Edition
_h
530
_m
MOR